000 01094 a2200217 4500
001 1887
005 20260407155418.0
008 260407a2009 arg spa d
003 AR-UNSa-BCEJYS
040 _aAR-UNSa-BCEJYS
_bspa
_cAR-UNSa-BCEJYS
080 _a336.226
_xTipos de impuestos. Impuestos directos e indirectos
245 1 0 _aImpuesto sobre los bienes personales
020 _a978-987-01-0987-7
264 1 _aBuenos Aires :
_bErrepar
_c2009
300 _axxii, 360 p.
_c21 cm.
505 _a1. Conceptos generales - 2. La imposición sobre el patrimonio de las empresas - 3. La imposición sobre el patrimonio de las personas físicas - 4. Características del impuesto - 5. Objeto del impuesto - 6. Sujetos - 7. Exenciones - 8. Base imponible - 9. Normas de declaración e ingreso del gravámen - 10. Responsable sustituto - 11. Casos prácticos
942 _cBK
590 _aniveau_biblio:m niveau_hierar:0
100 1 _aGebhardt, Jorge
856 4 1 _uhttps://biblioeco.unsa.edu.ar/pmb/images/libros/Impuestos sobre los Bienes Personales-l118169.jpg
_yImagen de portada
_qimage/jpeg
999 _c187
_d187